000 00335nam a22001217a 4500
020 _a9789381617014
082 _a624.1517
_bSTE/SU
100 _aStewart, Frederick. R
_aGrassie, James. C
_9289
245 _aSurveying for Agricultural Students And Planters
260 _aNew Delhi
_bBio - Green Books
_c2012
300 _a236
942 _cBK
999 _c14225
_d14225